000 00600nam a2200193Ia 4500
999 _c2656
_d2656
003 OSt
005 20200819115752.0
008 190216s9999||||xx |||||||||||||| ||und||
020 _a9788123909431
040 _coclc
082 _a543.08
_bWIL/I
100 _aWillard, Hobart H
_94210
245 0 _aInstrumental Methods Of Analysis /
_cHobart H Willard ; Lynne L Merritt ; John A Dean ; F A Settle
250 _a7th Ed.
260 _bCBS Publishers,
_c1986.
_aNew Delhi:
300 _a895p
650 _aChemistry-Chemistry
942 _cBK
_2ddc
_h543.08
_iWIL/I
_k543.08
_mWIL/I